<?xml version="1.0" encoding="UTF-8"?>
<record
    xmlns:xsi="http://www.w3.org/2001/XMLSchema-instance"
    xsi:schemaLocation="http://www.loc.gov/MARC21/slim http://www.loc.gov/standards/marcxml/schema/MARC21slim.xsd"
    xmlns="http://www.loc.gov/MARC21/slim">

  <leader>00839nam a2200241Ia 4500</leader>
  <controlfield tag="003">3228</controlfield>
  <controlfield tag="005">20250627125420.0</controlfield>
  <controlfield tag="008">210817s9999    xx            000 0 und d</controlfield>
  <datafield tag="020" ind1=" " ind2=" ">
    <subfield code="a">9780766032286</subfield>
    <subfield code="q">hbk</subfield>
  </datafield>
  <datafield tag="040" ind1=" " ind2=" ">
    <subfield code="a">RDA</subfield>
    <subfield code="c">3228</subfield>
  </datafield>
  <datafield tag="041" ind1=" " ind2=" ">
    <subfield code="2">E</subfield>
    <subfield code="a">English</subfield>
  </datafield>
  <datafield tag="082" ind1=" " ind2=" ">
    <subfield code="a">J 664 GARD</subfield>
  </datafield>
  <datafield tag="100" ind1=" " ind2=" ">
    <subfield code="a">Gardner, Robert</subfield>
    <subfield code="9">88721</subfield>
  </datafield>
  <datafield tag="245" ind1=" " ind2="0">
    <subfield code="a">Ace your food science project  : great science fair ideas  /</subfield>
    <subfield code="c">Robert Gardner</subfield>
  </datafield>
  <datafield tag="260" ind1=" " ind2=" ">
    <subfield code="a">United States :</subfield>
    <subfield code="b">Enslow Publishers,</subfield>
    <subfield code="c">2010.</subfield>
  </datafield>
  <datafield tag="300" ind1=" " ind2=" ">
    <subfield code="a">128 pages :</subfield>
    <subfield code="b">color illustrations ;</subfield>
    <subfield code="c"> 24&#x202F;cm.</subfield>
  </datafield>
  <datafield tag="650" ind1=" " ind2=" ">
    <subfield code="2">Science projects</subfield>
    <subfield code="v">Science projects</subfield>
    <subfield code="x">Food analysis</subfield>
    <subfield code="x">Cooking</subfield>
    <subfield code="x">Food chemistry</subfield>
    <subfield code="9">194565</subfield>
  </datafield>
  <datafield tag="700" ind1=" " ind2=" ">
    <subfield code="a">Gardner, Robert </subfield>
    <subfield code="e">author </subfield>
    <subfield code="9">88721</subfield>
  </datafield>
  <datafield tag="700" ind1=" " ind2=" ">
    <subfield code="a">Tocci, Salvatore </subfield>
    <subfield code="e">author </subfield>
    <subfield code="9">160823</subfield>
  </datafield>
  <datafield tag="700" ind1=" " ind2=" ">
    <subfield code="a">Rybolt R. , Thomas </subfield>
    <subfield code="e">author </subfield>
    <subfield code="9">194564</subfield>
  </datafield>
  <datafield tag="942" ind1=" " ind2=" ">
    <subfield code="y">395</subfield>
    <subfield code="z">Kholofelo Moabelo</subfield>
  </datafield>
  <datafield tag="942" ind1=" " ind2=" ">
    <subfield code="c">BK</subfield>
    <subfield code="2">ddc</subfield>
  </datafield>
  <datafield tag="999" ind1=" " ind2=" ">
    <subfield code="c">257391</subfield>
    <subfield code="d">257390</subfield>
  </datafield>
  <datafield tag="952" ind1=" " ind2=" ">
    <subfield code="0">0</subfield>
    <subfield code="1">0</subfield>
    <subfield code="4">0</subfield>
    <subfield code="7">0</subfield>
    <subfield code="a">STANL</subfield>
    <subfield code="b">STANL</subfield>
    <subfield code="d">2021-08-19</subfield>
    <subfield code="g">318.00</subfield>
    <subfield code="l">0</subfield>
    <subfield code="p">3228200010489</subfield>
    <subfield code="r">2021-08-19</subfield>
    <subfield code="w">2021-08-19</subfield>
    <subfield code="y">BK</subfield>
  </datafield>
</record>
